000 00950nam a2200253 4500
001 174566
003 ES-MaACL
005 20250709063229.0
008 100506s1774 sp p |||| | spa d
080 _a27(460.235)"04/11"
100 1 _aFlórez, Enrique,
_d1702-1773
_9142679
240 1 0 _aEspaña sagrada
245 1 0 _aEspaña sagrada.
_nTomo XXVIII,
_pEl estado antiguo de la iglesia ausonense, hoy Vique /
_csu autor Henrique Florez ... obra posthuma, que publica Manuel Risco.
260 _aMadrid :
_ben la imprenta de D. Antonio de Sancha,
_c1774.
300 _a[24], 375 p. ;
_c20 cm.
500 _aApéndices, p. 239-362.
504 _aÍndice alfabetico de cosas notables del tomo.
546 _aTexto en latín, p. 240-339.
610 2 4 _aVic (Diócesis)-
_vHistoria.
_9142731
700 0 _aRisco, Manuel.
_997459
852 4 _aES-MaACL
_jR-1617-69
_x C-16767-818
999 _c174566
_d174566